000 00379nam a2200169Ia 4500
001 21389
003 IN-NITTTR
005 20251114233243.0
008 251113s9999||||xx |||||||||||||| ||eng||
040 _beng
040 _cIN-NITTTR
041 _aeng
082 _a658.4 A11E
100 _aAdair, John
245 4 _aThe effective supervisor /
_cAdair, John
942 _2ddc
_cBK
999 _c24019
_d24019